[Event "Belgrade GMA op"]
[Site "Belgrade"]
[Date "1988.??.??"]
[Round "?"]
[White "Chernin, Alexander"]
[Black "Tan, Chengxuan"]
[Result "1-0"]
[WhiteElo "2565"]
[BlackElo "2300"]
[Annotator "Ftacnik,L"]
[PlyCount "95"]
[EventDate "1988.12.??"]
[EventType "swiss"]
[EventRounds "9"]
[EventCountry "YUG"]
[SourceTitle "TD"]
[Source "ChessBase"]
[SourceDate "1994.03.01"]
[SourceVersion "1"]
[SourceVersionDate "1994.03.01"]
[SourceQuality "1"]

1. c4 c6 2. d4 d5 3. Nc3 Nf6 4. Nf3 dxc4 5. a4 Bf5 6. e3 e6 7. Bxc4 Bb4 8. O-O
Nbd7 9. Nh4 Bg6 (9... Bg4) 10. Qb3 Qb6 11. g3 (11. f4) 11... O-O-O $1 (11... a5
) 12. Na2 (12. Bd2 a5 $1 13. Rfc1 Nb8 $10) (12. a5 Bxa5 13. Qa4 Bb4 14. Na2 Bd6
15. Bd2 Bc7 16. Rfc1 $44) 12... Be7 13. Qc3 $6 (13. Qxb6 Nxb6 14. Bb3 Bd3 $10)
13... Nd5 (13... Ne4 $5 14. Qe1 Bxh4 15. gxh4) 14. Nxg6 $1 (14. Qe1 Bxh4 15.
gxh4 f5 $17) (14. a5 Qc7 15. Nxg6 Nxc3 16. Nxe7+ Kb8 17. bxc3 Rhe8 18. Ba3 c5
19. Nd5 exd5 20. Bxd5 Ne5 $17) 14... Nxc3 $1 $8 (14... hxg6 $2 15. a5 $1 Qc7 (
15... Nxc3 16. axb6 Nxb6 17. Bxe6+ $16) 16. Qe1) 15. Nxe7+ Kb8 16. bxc3 Rhe8 $1
(16... Rde8 $2 17. Ba3 c5 18. Nd5 $1 exd5 19. Bxd5 Qf6 20. Rfb1 Nb6 21. Bg2 $18
) 17. Ba3 c5 18. Rfb1 (18. Nd5 exd5 19. Bxd5 Qf6 20. Rfb1 Nb6 21. Bg2 cxd4 22.
cxd4 Rd7 $17) 18... Qc7 19. Nd5 (19. dxc5 $2 Nxc5 $1 (19... Rxe7 20. c6 Nb6 21.
Bxe7 Qxe7 22. Bf1) 20. Rb5 Ne4 21. Bf1 Nd6 $17) 19... exd5 20. Bxd5 Nb6 21. Bb3
(21. Bg2 cxd4 22. cxd4 (22. a5 Nc4 $17) 22... Nxa4) 21... c4 $2 (21... cxd4 $1
22. cxd4 h5) 22. Bc2 h5 (22... Nd5) 23. e4 $1 $16 (23. a5 $2 Nd5 24. e4 Nf4 $1
$132) 23... h4 24. a5 (24. Bc1 $1 hxg3 25. hxg3 Qd7 26. a5 Rh8 27. Bd1 Nd5 28.
Bf3 $16) 24... hxg3 $2 (24... Nd5 $1 25. exd5 Re2 26. Nb4 Qd7 $16) 25. hxg3 Na8
(25... Nc8 26. Bc1 Qd7 27. Bf4+ Ka8 28. a6 $18) 26. Nb4 Kc8 27. e5 $18 Qxa5 (
27... g6 28. a6) 28. Bf5+ Kc7 29. Bc1 Qb5 30. Bf4 (30. Rxa7) 30... Nb6 31. Rxa7
g5 32. Bxg5 Ra8 33. Na6+ Qxa6 34. Rxa6 Rxa6 35. Be4 Ra3 36. Bf4 Rb3 37. Ra1 Re7
(37... Rxc3 38. Ra7) 38. d5 Kc8 39. Bf5+ Kd8 40. Bg5 Nxd5 41. Rd1 Rb5 42. Rd4
Rc5 43. Be4 Kc8 44. Bxe7 Nxe7 45. f4 b5 46. Kf2 Kc7 47. g4 Nc6 48. Rd5 1-0

[Event "Linares 12th"]
[Site "Linares"]
[Date "1994.??.??"]
[Round "11"]
[White "Ivanchuk, Vassily"]
[Black "Lautier, Joel"]
[Result "1-0"]
[WhiteElo "2710"]
[BlackElo "2625"]
[Annotator "Ftacnik,L"]
[PlyCount "127"]
[EventDate "1994.02.??"]
[EventType "tourn"]
[EventRounds "13"]
[EventCountry "ESP"]
[EventCategory "18"]
[SourceTitle "CBM 040"]
[Source "ChessBase"]
[SourceDate "1994.06.01"]
[SourceVersion "1"]
[SourceVersionDate "1994.06.01"]
[SourceQuality "1"]

1. d4 d5 2. c4 c6 3. Nf3 Nf6 4. Nc3 dxc4 5. a4 Bf5 6. e3 e6 7. Bxc4 Bb4 8. O-O
Nbd7 9. Qe2 Bg6 10. e4 Bxc3 11. bxc3 Nxe4 12. Ba3 Qc7 13. Rfc1 O-O-O 14. a5 Nd6
(14... Rhe8 15. Nh4 Nd6) 15. Bb3 Bh5 16. h3 Rhe8 17. a6 b6 18. c4 c5 (18... e5
19. c5 Nb5 (19... bxc5 20. Bxc5 e4 21. Bxd6 Qxd6 22. Qb5) 20. cxb6 Nxb6 (20...
Qxb6 21. d5 Nd4 (21... Bxf3 22. Qxf3 Nd4 23. Qd3 e4 24. Qe3 $16) 22. Nxd4 Bxe2
23. Rxc6+ Qxc6 24. Nxc6 $16) 21. dxe5 $1 (21. g4 exd4 22. Qxb5 cxb5 23. Rxc7+
Kxc7 24. gxh5 $13) 21... Nd4 22. Nxd4 Bxe2 23. Nxc6 Bc4 (23... Kd7 24. Nxd8
Qxd8 25. Ra2 $40) 24. Bxc4 Rd1+ 25. Rxd1 Nxc4 26. Ne7+ Rxe7 27. Bxe7 Qxe7 28.
Rac1 $16) 19. Ba4 e5 20. dxc5 bxc5 21. Qe3 Re6 $6 (21... e4 22. Nh4 $5) (21...
f5 22. Bxd7+ (22. Nxe5 Nf7 $1 (22... Nxe5 23. Bxe8 Nxe8 (23... Rxe8 24. Qxc5
$14) 24. Rab1 $40) 23. f4 Nfxe5 24. fxe5 Qxe5 $13) 22... Rxd7 23. Nxe5 Nf7) 22.
Ng5 Rf6 (22... Rg6 23. g4 $1) 23. Bb2 h6 24. Ne4 Nxe4 (24... Nf5 $5) 25. Qxe4
Re6 26. Re1 Bg6 (26... f6 27. f4 $40) 27. Qa8+ Qb8 28. Bxd7+ Rxd7 29. Qxb8+
Kxb8 30. Rxe5 (30. Bxe5+ Kc8 31. Bxg7 $16) 30... Rdd6 31. Rxc5 Rxa6 32. Rxa6
Rxa6 33. Bxg7 h5 34. f4 f5 (34... f6 $5 $16) 35. Be5+ Kb7 36. Rc7+ Kb6 37. Kh2
Ka5 (37... Be8 38. Re7) 38. Kg3 Be8 39. Kh4 Kb4 40. g3 Rg6 41. Rxa7 Kxc4 42.
Ra8 Bc6 43. Ra3 Be8 44. Re3 Kd5 45. Bf6 Bd7 (45... Rxf6 46. Rxe8 $18) 46. Bc3
Be6 47. Bb4 Bd7 48. Kxh5 Rg8 49. Bc3 Kd6 50. Kh6 Be6 51. Kh7 Ra8 52. Bb4+ Kd7
53. Kg7 Ra4 54. Kf6 Bd5 55. Bc3 Be4 56. g4 fxg4 57. hxg4 Bc2 58. Re7+ Kd8 59.
Be5 Ra6+ 60. Re6 Rxe6+ 61. Kxe6 Ke8 62. Bd6 Bd1 63. g5 Bc2 64. f5 1-0

[Event "Munich SKA"]
[Site "Munich"]
[Date "1994.05.30"]
[Round "8"]
[White "Lutz, Christopher"]
[Black "Bareev, Evgeny"]
[Result "1-0"]
[WhiteElo "2595"]
[BlackElo "2685"]
[Annotator "Ftacnik,L"]
[PlyCount "57"]
[EventDate "1994.05.21"]
[EventType "tourn"]
[EventRounds "11"]
[EventCountry "GER"]
[EventCategory "16"]
[SourceTitle "CBM 042"]
[Source "ChessBase"]
[SourceDate "1994.10.01"]
[SourceVersion "1"]
[SourceVersionDate "1994.10.01"]
[SourceQuality "1"]

1. d4 d5 2. c4 c6 3. Nf3 Nf6 4. Nc3 dxc4 5. a4 Bf5 6. e3 e6 7. Bxc4 Bb4 8. O-O
Nbd7 9. Qe2 Bg6 10. e4 Bxc3 11. bxc3 Nxe4 12. Ba3 Qc7 13. Rfe1 (13. Qb2) (13.
Rfc1) (13. Nd2 Nxd2 14. Qxd2 c5 15. dxc5 O-O-O $1) 13... Nxc3 (13... c5 14. d5
e5 15. Bd3 $1 Nxc3 16. Qd2 Bxd3 17. Qxd3 Nxa4 18. d6 $40) 14. Qe3 (14. Qb2 Ne4
15. a5 Ndf6 16. Ne5 a6 17. Rac1 Rd8 18. Bxa6 bxa6 19. Nxc6 Ng4 20. Ne5 Qxa5 21.
Nxg4 $40) 14... Ne4 15. Ne5 $5 Nxe5 (15... Nef6 16. Bxe6 fxe6 17. Nc4 $3 (17.
Nxg6 hxg6 18. Qxe6+ Kd8 19. Bd6 Qa5 $13) 17... Bf5 18. Nd6+ Kd8 19. Nf7+ Ke8
20. Nxh8 {/\ Qg5} Ng4 21. Qg3 (21. Qh3 Ndf6 22. Qg3 Qxg3 23. hxg3 h5 24. f3 Nh6
$13) 21... Qxg3 22. hxg3 Ngf6 23. f3 Nf8 $1) (15... Ndf6 16. f3 Nd6 17. Bxe6 $1
fxe6 18. Nxg6 hxg6 19. Qxe6+ $16) 16. dxe5 Qb6 (16... Qxe5 17. Rab1 $3 (17. Bd3
f5 18. f3 O-O-O 19. fxe4 f4 $44) 17... O-O-O (17... b6 18. Ba6 $3 (18. Rxb6 $6
axb6 19. Qxb6 Rc8 $17)) 18. Ba6 $1 (18. Qxa7 Qb8 19. Rxb7 $5) 18... Rd7 (18...
bxa6 19. Qxa7 Qc7 20. Qxa6+) 19. Rxb7 Rxb7 20. Rb1) 17. Qf4 Qd4 $2 (17... O-O-O
18. Rxe4 Bxe4 19. Qxe4 Qd4 20. Re1 $1 Qxe4 21. Rxe4 Rd1+ 22. Bf1 Rhd8 23. Bd6
R8xd6 24. exd6 Kd7 $13) 18. Qh4 f6 19. Bxe6 (19. exf6 Qxf6 $1) 19... Qxe5 20.
Qh3 Rd8 (20... f5 21. Qb3) 21. Rad1 Rxd1 22. Rxd1 Nc5 23. Bxc5 Qxc5 24. Ba2 $1
f5 25. Qh4 Qe7 26. Qf4 Kf8 27. Kf1 $1 h5 (27... Bf7 28. Re1 Bxa2 29. Qb8+ $18)
28. Re1 Qd8 29. Qb4+ 1-0

[Event "Dieren op"]
[Site "Dieren"]
[Date "1999.07.24"]
[Round "5"]
[White "Golod, Vitali"]
[Black "De Vreugt, Dennis"]
[Result "0-1"]
[WhiteElo "2568"]
[BlackElo "2398"]
[Annotator "Golod,V"]
[PlyCount "92"]
[EventDate "1999.07.20"]
[EventType "swiss"]
[EventRounds "9"]
[EventCountry "NED"]
[SourceTitle "CBM 071 Extra"]
[Source "ChessBase"]
[SourceDate "1999.09.14"]
[SourceVersion "1"]
[SourceVersionDate "1999.09.14"]
[SourceQuality "1"]

{[%mdl 1]} 1. d4 d5 2. c4 c6 3. Nf3 Nf6 4. Nc3 dxc4 5. a4 Bf5 6. e3 e6 7. Bxc4
Bb4 8. O-O O-O 9. Nh4 $5 ({Another variation is:} 9. Qe2 $5) 9... Nbd7 10. f3 {
[%cal Ge3e4]} Bg6 11. Nxg6 $5 (11. e4) ({and} 11. Qb3 {-repeatedly was checked
in the previous games.}) 11... hxg6 12. e4 {Besides,white has two options:} (
12. Qc2 $5 {Is the main line.}) ({and} 12. Qb3 $5) 12... Qb6 $5 {In my opinion
this move better than:} (12... e5) ({or} 12... c5) 13. Kh1 $6 {Unsuccessful
novelty.} (13. Be3 $142 e5 14. Kh1 Rad8 (14... a5 {Cebalo,M-Campora,D/Bern,
1988/Inf 45/145 (1-0)(48)}) 15. Ne2 $1 (15. dxe5 $2 Qxe3 16. exf6 gxf6 $1 $15)
15... a5 16. Qb3 exd4 17. Bxd4 Bc5 18. Qxb6 Bxb6 19. Bc3 $14 {Huzman,A-Milov/
USSR,1989/Inf 48/(505) (74)}) 13... Rad8 {[%csl Rd4][%cal Ge6e5]} 14. Qb3 $5 ({
It is impossible:} 14. a5 $2 Bxa5 $140 15. Qa4 {because of:} Qxd4 $1 (15... Qb4
$2 16. Qxb4 Bxb4 17. Rxa7 $14) (15... Bb4 $2 16. Qxa7 $14) (15... Bxc3 $6 16.
bxc3 Ra8 17. Ba3 $44) 16. Rd1 (16. Bxe6 $2 Bxc3 $19) 16... Nb6 17. Rxd4 Nxa4
18. Rxd8 (18. Rxa4 $2 Rxd4 19. Rxa5 Rxc4 $19) 18... Rxd8 19. Rxa4 Bxc3 $19 {
[%csl Rh1]}) 14... e5 $1 {Is the best move.} ({Worse is:} 14... Qxd4 15. Qxb4 (
15. Rd1 $2 Nc5 $1 16. Rxd4 (16. Qxb4 $4 Qxd1+ 17. Nxd1 Rxd1+ 18. Bf1 Rxf1#)
16... Nxb3 17. Rxd8 Nxa1 18. Rd2 $5 $15 {[%csl Ra1]}) 15... Nb6 (15... Ne5 $144
16. b3 (16. Qxb7 $6 Nxc4 $36) 16... c5 17. Qxb7 $1 (17. Qa5 $2 Nc6 {[%csl Rc3]}
(17... Nxc4 $6 18. bxc4 b6 (18... Qxc4 $2 19. Bb2 $16) 19. Qxa7 Qxc3 20. Bg5
$13) 18. Qb5 Qxc3 19. Bg5 Qb4 $15) 17... Qxc3 18. Bg5 $13) 16. b3 c5 17. Qa5
Nxc4 18. bxc4 b6 (18... Qxc4 $2 19. Bb2 $16) 19. Qxa7 Qxc3 20. Bg5 $13) 15. Na2
$5 ({Dubious:} 15. dxe5 Nxe5 16. Be2 Nd3 {[%csl Rf2][%cal Gd3c1,Gd3f2]} 17.
Bxd3 Rxd3 18. Qc2 Rfd8 {<->d with advantage of black.}) 15... Ba5 {This more
strong move than:} (15... Bd6 $6 16. dxe5 Qxb3 (16... Nxe5 $143 17. Qxb6 axb6
18. Be2 $14) 17. Bxb3 Bxe5 $11 (17... Nxe5 $4 18. f4 {/\e5+-})) 16. Qc2 $1 {
[%mdl 512]} ({After:} 16. dxe5 Nxe5 17. Qxb6 Bxb6 (17... axb6 $2 18. Be2 {
[%csl Ra5][%cal Gb2b4]}) 18. Be2 Nd3 {black has a positional advantage in the
middlegame.}) 16... exd4 $140 $8 ({Badly:} 16... Qxd4 $2 {in view of:} 17. Rd1
Qc5 (17... Qb6 $144 18. b4) 18. b4 $1 Bxb4 19. Nxb4 Qxb4 20. Ba3 Qa5 21. Bxf8
$16 {(weaknessPf7,<->d)}) 17. b4 Bxb4 18. Nxb4 Qxb4 19. Ba3 $6 ({Much better
is:} 19. Rb1 $1 Qc3 $5 (19... Qa5 $6 20. Rxb7 Nb6 (20... Rb8 $5) 21. Bd3 {
[%cal Gc1d2]} (21. Bb3 $4 Qa6 $19 {[%csl Rb7,Rf1]}) 21... c5 22. Bd2 Qxa4 23.
Qxc5 $14 (23. Qxa4 $2 Nxa4 24. Rxa7 Nb2 $17 {[%csl Gc5,Gd4]})) (19... Qc5 $6
20. Rxb7 $36 Ne5 $140 $4 21. Bxf7+ $18 {[%csl Rc5]}) 20. Qxc3 dxc3 21. Rxb7 Nb6
(21... Ne5 22. Be2 $44) 22. Bb3 {with full compensation behind pawn.}) 19...
Qa5 20. Bxf8 Kxf8 $1 ({Worse is:} 20... Nxf8) ({and} 20... Rxf8) 21. Rfd1 $2 ({
It is necessary:} 21. f4 $1 Ng4 $140 $6 {[%cal Gg4e3]} (21... Nb6 $5 $13) 22.
Qb3 $1 {[%csl Rb7,Rf7]} Ne3 (22... Nc5 $143 23. Qh3 Ne3 24. Qh8+ Ke7 25. Qxg7
$1 Nxc4 26. f5 $40 {[%csl Re7]}) 23. Bxf7 Nc5 24. Qa2 Nxf1 25. Bxg6 $1 (25.
Rxf1 $2 Qxa4 $19) 25... Qc7 26. Rxf1 d3 27. e5 $132 {[%csl Rf8]}) 21... Ne5 $17
22. Qb3 Qc7 $5 {[%csl Yc7][%cal Yc7b7,Yc7f7]} 23. Bf1 g5 $1 {Black's plan is:
g6,Kg7,Rh8 with strong attack.} 24. Rac1 c5 25. a5 b6 26. axb6 axb6 27. Rb1 {
[%csl Rb6]} Rb8 28. Qa3 {[%csl Rf8][%cal Gd1d4]} Qd6 $1 29. Qa7 g6 {[%cal
Gf8g7]} 30. Rdc1 Kg7 $1 31. Rxc5 $140 Rh8 $1 {[%csl Gd6,Rh2,Gh8][%mdl 128]} 32.
Rxe5 $8 ({Loses right away:} 32. Qxb6 $4 {because of:} Rxh2+ 33. Kg1 (33. Kxh2
$144 Nxf3+ 34. Kh3 (34. Kh1 Qh2#) 34... Qh2#) 33... Nxf3+ 34. gxf3 Qg3+ 35. Bg2
Qxg2#) 32... Qxe5 33. h3 $8 g4 {[%csl Rf3,Gg4,Rh3]} 34. Bc4 $8 {[%csl Rf7]} (
34. fxg4 $2 Nxg4 $19 {[%csl Rh1][%cal Ge5h2]}) 34... Rf8 $1 {Simply and
strongly.} (34... gxf3 $2 35. Qxf7+ Kh6 36. gxf3 $15) 35. Rb5 (35. fxg4 $2 {
is refuted by:} Nxg4 $1 36. hxg4 Rh8+ 37. Kg1 Qh2+ 38. Kf2 Qf4+ 39. Ke1 (39.
Kg1 Qe3+ 40. Kf1 Rh1#) (39. Ke2 Qe3+ 40. Kd1 (40. Kf1 Rh1#) 40... Rh1+ 41. Kc2
Qc3#) 39... Rh1+ 40. Bf1 (40. Ke2 Qe3#) 40... Qe3+ 41. Kd1 Rxf1+ 42. Kc2 Qc3#)
35... Qf4 $1 {[%csl Rc4,Rf3,Rh3][%cal Gg4f3,Gf4c1,Gg4h3] After this move black
has a forced win.} (35... Qg3 $2 36. fxg4 Nxe4 (36... Nxg4 $2 37. hxg4 Rh8+ 38.
Rh5 $8 (38. Kg1 $4 Qe1+ 39. Bf1 Qe3#) 38... gxh5 39. Qxf7+ Kh6 40. Qf6+ Kh7 41.
Qf7+ $11) 37. Kg1 $17) 36. Qa1 $8 gxh3 37. Qxd4 Qg3 $5 ({Slightly better is:} 
37... Rh8 $1 38. Qg1 (38. Qe5 Qc1+ {[%csl Rc4,Rh1]}) (38. Rb2 hxg2+ 39. Kxg2
Rh2+ 40. Kg1 Qg3+ $19) 38... Qg3 $19 {[%csl Rh1,Gh8][%cal Gh3g2]}) (37... hxg2+
$143 38. Kxg2 Rh8 39. Qe5 $8 (39. Qg1 $2 Qd2+ 40. Kf1 Rh2 $19) 39... Qd2+ $40)
38. Qd2 $8 {The rest loses right away:} (38. Rb2 $2 Rh8 {[%csl Rh1,Gh8]} 39.
Kg1 $8 h2+ 40. Kh1 Qe1+ $19) (38. Bf1 $2 hxg2+ 39. Bxg2 Rh8+ 40. Kg1 Qe1+ 41.
Bf1 Rh1+ $1 42. Kxh1 Qxf1+ $19 {[%csl Rb5,Rh1][%cal Gf1b5]}) 38... Rd8 $1 {
[%csl Yd2,Gd8,Rh1] Diversion!} (38... hxg2+ $2 39. Qxg2 Qe1+ 40. Qf1 (40. Bf1
$2 Rh8+ 41. Kg1 Qe3+ 42. Qf2 Rh1+ 43. Kxh1 (43. Kg2 Rh2+) 43... Qxf2 $19) (40.
Qg1 $2 Rh8+ 41. Kg2 Qd2+ 42. Kg3 (42. Kf1 Qc1+ {[%csl Rc4]}) 42... Nh5+ $19)
40... Rh8+ 41. Kg2 $17) 39. Rg5 $8 {Differently,after:} (39. Qe2 $2 Rd1+ 40.
Qxd1 Qxg2#) ({or} 39. Bd5 $2 Rh8 40. Kg1 $8 hxg2 41. Qxg2 $8 Qe1+ 42. Qf1 Rh1+
43. Kxh1 Qxf1+ 44. Kh2 Qxb5 $19) 39... hxg2+ 40. Kg1 (40. Qxg2 $143 Rd1+ 41.
Bf1 Rxf1+ $1 42. Qxf1 Qxg5) 40... Qxf3 $1 41. Qxd8 (41. Qxg2 $144 Rd1+ 42. Kh2
(42. Bf1 Rxf1+ $1 43. Qxf1 Qe3+ {[%csl Rg5]}) 42... Qf4+ $19) (41. Rxg6+ $144
fxg6 (41... Kxg6 $5 42. Qxd8 Qh3 43. Bxf7+ Kg7 $5 $19 {[%csl Yg7][%cal Gh3h1]})
42. Qxd8 Qe3+ $1 43. Kxg2 Qxe4+ $19 {[%csl Rc4]}) 41... Qe3+ 42. Kxg2 Qxg5+ 43.
Kf3 (43. Kh2 $144 Qf4+ {[%csl Re4]}) 43... Qg4+ 44. Kf2 Qf4+ {[%csl Rc4,Rf2]} (
44... Nxe4+ $5 45. Ke3 Qg5+ 46. Qxg5 Nxg5) 45. Kg1 $8 Qe3+ 46. Kh2 Ng4+ {
[%csl Rc4,Re4][%cal Ge3e4,Ge4c4] This is the second and the last move of the
black knight. It was enough to win the game. Whole this game despite the my
mistakes Dennis De Vreugt conducted very strong.} 0-1

[Event "Groningen op"]
[Site "Groningen"]
[Date "1990.??.??"]
[Round "3"]
[White "Epishin, Vladimir"]
[Black "Finegold, Benjamin"]
[Result "1/2-1/2"]
[WhiteElo "2590"]
[BlackElo "2490"]
[Annotator "Hertneck,G"]
[PlyCount "30"]
[EventDate "1990.??.??"]
[EventType "swiss"]
[EventRounds "9"]
[EventCountry "NED"]
[SourceTitle "CBM 022"]
[Source "ChessBase"]
[SourceDate "1991.06.01"]
[SourceVersion "1"]
[SourceVersionDate "1991.06.01"]
[SourceQuality "1"]

1. d4 d5 2. c4 c6 3. Nf3 Nf6 4. Nc3 dxc4 5. a4 Bf5 6. e3 e6 7. Bxc4 Bb4 8. O-O
Nbd7 9. Qe2 Bg6 10. Ne5 Nxe5 11. dxe5 Nd7 12. f4 (12. Rd1 Qh4 13. Rd4 $6 Qe7
14. f4 O-O {Staniszewski,P-Drasko,M Polanica Zdroj 1988}) 12... Nc5 13. Rd1 Qb6
14. Na2 a5 15. Nxb4 axb4 (15... axb4 16. b3 Ne4 17. Bb2 $6 Bh5 $1 18. g4 Bxg4
19. Qxg4 Qxe3+ 20. Kg2 Qf2+ 21. Kh1 Qxb2 22. Qxg7 Nf2+ 23. Kg1 Nh3+ 24. Kh1
Nf2+ $10) 1/2-1/2

[Event "Groningen PCA"]
[Site "Groningen"]
[Date "1993.??.??"]
[Round "11"]
[White "Azmaiparashvili, Zurab"]
[Black "Ribli, Zoltan"]
[Result "1/2-1/2"]
[WhiteElo "2630"]
[BlackElo "2610"]
[Annotator "Hertneck,G"]
[PlyCount "115"]
[EventDate "1993.12.??"]
[EventType "swiss"]
[EventRounds "11"]
[EventCountry "NED"]
[SourceTitle "CBM 039"]
[Source "ChessBase"]
[SourceDate "1994.04.01"]
[SourceVersion "1"]
[SourceVersionDate "1994.04.01"]
[SourceQuality "1"]

1. d4 d5 2. c4 c6 3. Nc3 Nf6 4. Nf3 dxc4 5. a4 Bf5 6. Nh4 e6 7. Nxf5 exf5 8. e3
Bb4 9. Bxc4 O-O 10. O-O Nbd7 11. Qf3 g6 12. h3 (12. Rd1 Nb6 13. Bb3 a5 14. Bd2
Re8 15. h3 h5 $13 {Reeh,O-Janovsky,S/Budapest/1991}) 12... Kg7 13. Rd1 (13. g4
fxg4 14. hxg4 h5 15. gxh5 Nxh5 $13) 13... h5 14. Bd2 a5 15. Rac1 Qe7 16. Bb3
Rfd8 17. Qf4 (17. Be1) 17... Nf8 (17... Bd6 18. Qg5 (18. Qf3 Bb4 $10) 18... Nf8
19. Qh4 N8h7 20. f3 Bc7 $13) 18. Be1 Ne6 19. Qf3 (19. Qe5 $4 Bd6 $19) 19... Rd7
20. d5 Nc5 21. Bc2 (21. dxc6 Rxd1 $1 22. Qxd1 (22. Bxd1 $2 Nd3 23. cxb7 Rb8 24.
Ra1 Nxe1 25. Qe2 Nxg2 $17) 22... bxc6 23. Bc4 Rd8 24. Qc2 Nce4 25. Nxe4 Nxe4
26. Bxb4 Qxb4 27. Bd3 Rb8 $10) 21... cxd5 22. Nxd5 Rxd5 23. Rxd5 Nxd5 24. Qxd5
Rd8 25. Qc4 Bxe1 26. Rxe1 Qe5 $10 27. b4 axb4 28. Qxb4 Rd7 29. Rb1 Ne4 30. Bxe4
fxe4 31. h4 Qf5 32. Qb2+ Kh7 33. Kh2 Rd6 $2 (33... Re7 $10) 34. Qxb7 Rd2 35.
Rf1 Ra2 36. f3 Kg7 37. Kg1 exf3 38. Rxf3 Ra1+ 39. Kh2 Rb1 40. Qc7 Qd5 41. e4
Qa2 42. Qe5+ Kh7 43. a5 Rb2 44. Qg3 Re2 45. Rf4 Kg8 46. Rf5 Rxe4 47. Rxh5 Qa4
48. a6 Re8 49. Rg5 Qxa6 50. h5 Re6 51. Rd5 Qc6 52. Rd8+ Re8 53. Rd6 Qc5 54.
Rxg6+ fxg6 55. Qxg6+ Kf8 56. Qf6+ Kg8 57. Qg6+ Kf8 58. Qf6+ 1/2-1/2

[Event "Linares 09th"]
[Site "Linares"]
[Date "1991.??.??"]
[Round "10"]
[White "Karpov, Anatoly"]
[Black "Salov, Valery"]
[Result "1/2-1/2"]
[WhiteElo "2725"]
[BlackElo "2645"]
[Annotator "Hertneck,G"]
[PlyCount "60"]
[EventDate "1991.02.??"]
[EventType "tourn"]
[EventRounds "13"]
[EventCountry "ESP"]
[EventCategory "17"]
[SourceTitle "CBM 022"]
[Source "ChessBase"]
[SourceDate "1991.06.01"]
[SourceVersion "1"]
[SourceVersionDate "1991.06.01"]
[SourceQuality "1"]

1. d4 d5 2. c4 c6 3. Nf3 Nf6 4. Nc3 dxc4 5. a4 Bf5 6. e3 e6 7. Bxc4 Bb4 8. O-O
O-O 9. Nh4 Nbd7 10. Qb3 {A standard move in the system, but new in this
position} Qb6 (10... Qe7 $6 11. Na2 Bd6 12. Nxf5 exf5 13. Qxb7 $16) 11. h3 Rad8
12. Rd1 Be4 $5 {Usually this bishop is exchanged against the kings knight, e.g.
13...Bg6 14.Sxg6 hxg6} 13. Nxe4 Nxe4 14. Qc2 $1 (14. Bxe6 $6 Nxf2 $1 15. Bxd7
$1 (15. Bxf7+ Rxf7 16. Rf1 Kf8 $3 {/\ 17.Rxf2 Txf2 18.Kxf2 Le1 -+}) 15... Rxd7
16. Rf1 Ne4 $15 {>< e4, >< Bc1}) 14... Nd6 15. b3 c5 $6 (15... Qa5 16. Bb2 Qh5
17. Nf3 Nf5 {/\ Nh4 <=>}) 16. d5 e5 17. e4 {+/=/+/- [+], ^^} a6 18. Bg5 Rde8
19. Be2 Qc7 20. Ra2 Nb6 21. Rc1 Nbc8 22. Be3 Ne7 23. Nf3 Ng6 24. h4 f6 25. g3
Qd7 26. h5 Nf4 27. gxf4 Qg4+ 28. Kf1 Qh3+ 29. Kg1 Qg4+ 30. Kf1 Qh3+ 1/2-1/2

[Event "Groningen op"]
[Site "Groningen"]
[Date "1990.??.??"]
[Round "5"]
[White "Volke, Karsten"]
[Black "Finegold, Benjamin"]
[Result "1-0"]
[WhiteElo "2400"]
[BlackElo "2490"]
[Annotator "Hertneck,G"]
[PlyCount "64"]
[EventDate "1990.??.??"]
[EventType "swiss"]
[EventRounds "9"]
[EventCountry "NED"]
[SourceTitle "CBM 022"]
[Source "ChessBase"]
[SourceDate "1991.06.01"]
[SourceVersion "1"]
[SourceVersionDate "1991.06.01"]
[SourceQuality "1"]

1. d4 d5 2. c4 c6 3. Nc3 Nf6 4. Nf3 dxc4 5. a4 Bf5 6. e3 e6 7. Bxc4 Bb4 8. O-O
Nbd7 9. Qe2 Bg6 10. e4 Bxc3 11. bxc3 Nxe4 12. Ba3 Nb6 (12... Nxc3 $2 13. Qb2
Nd5 14. Qxb7 $16 {ECO}) (12... Qc7 13. Nd2 $1 Nxd2 (13... Nxc3 14. Qe3 Nxa4 15.
Bxe6 O-O-O 16. Nc4 {+/- Razuvaev}) 14. Qxd2 O-O-O 15. Be7 $1 Rde8 16. Bh4 {
+/- Razuvaev,Y-Levitt,J Reykjavik op 1990, i49/447}) 13. Bb3 Nxc3 14. Qb2 Ne4
15. a5 Nd7 {TN} (15... Nc8 16. d5 exd5 17. Qxg7 Qf6 18. Qxf6 Nxf6 19. Bb2 {
Zaitshik,G-Kuligowski,A Polanica Zdroj 1984}) 16. a6 $1 (16. d5 $2 exd5 17.
Qxg7 Qf6 $17) 16... b6 17. Rac1 Rc8 18. Rfe1 c5 19. dxc5 Ndxc5 20. Rxe4 $1 (20.
Qxg7 Qf6 21. Qh6 Ke7 $13) 20... Bxe4 21. Qxg7 Rf8 22. Rd1 Qc7 (22... Qe7 $5 {
/\ 23.Ng5 f5}) 23. Ng5 Qc6 $2 (23... f5 24. Ba4+ Bc6 25. Bxc6+ Qxc6 26. Nxh7
Rf7 27. Qg8+ Ke7 28. Qg5+ Ke8 $13) 24. Bxc5 bxc5 25. Bxe6 $1 $18 fxe6 26. Nxe4
Rf7 27. Qe5 Kf8 28. Ng5 Re8 29. Nxf7 Kxf7 30. Rd3 Rg8 31. Qh5+ Kg7 32. Rg3+ Kf8
1-0